Team of the Tournament - Fußball-Europameisterschaft 1992 - Statistiken

Allgemein
  • Dieses Quiz wurde 22 mal gespielt
  • Das Durchschnittsergebnis liegt bei 6 aus 11
Antwortstatistiken
Ruolo Nazione Calciatore % Korrekt
Torwart Dänemark Peter Schmeichel
100%
Stürmer Niederlande Marco van Basten
89%
Mittelfeldspieler Niederlande Ruud Gullit
61%
Abwehrspieler Deutschland Andreas Brehme
56%
Mittelfeldspieler Dänemark Brian Laudrup
56%
Abwehrspieler Deutschland Jürgen Kohler
56%
Abwehrspieler Frankreich Laurent Blanc
50%
Stürmer Niederlande Dennis Bergkamp
39%
Mittelfeldspieler Deutschland Stefan Effenberg
33%
Mittelfeldspieler Deutschland Thomas Häßler
33%
Abwehrspieler Frankreich Jocelyn Angloma
0%
Keine übereinstimmenden Quizze gefunden
Verteilung der Resultate
Anzahl Personen mit jedem Resultat
Perzentil nach korrekt beantworteten Fragen
Ihre Resultats-Entwicklung
Sie haben dieses Quiz noch nicht gespielt